[Event "HEM 2013 B Turnier"]
[Site "Korbach"]
[Date "2013.03.30"]
[Round "6.28"]
[White "Huelsmann, Florian"]
[Black "Kalkuhl, Thorsten"]
[Result "0-1"]
[WhiteElo "944"]
[BlackElo "1209"]
[PlyCount "92"]
[EventDate "2013.??.??"]
[WhiteTeam "Sfr. Korbach"]
[BlackTeam "SC Marsberg e.V."]

1. e4 c6 2. d4 d5 3. e5 c5 4. dxc5 e6 5. Be3 Nc6 6. Bb5 a6 7. Bxc6+ bxc6 8. Nf3
Ne7 9. Bg5 Qa5+ 10. Nc3 Qxc5 11. Qd4 Nf5 12. Qxc5 Bxc5 13. Na4 Ba7 14. Rd1 h6
15. Bd2 g5 16. Ba5 Rb8 17. c4 g4 18. Ng1 Bd4 19. Bc7 Rb4 20. b3 Kd7 21. Ba5 Rb7
22. Ne2 Ba7 23. Bc3 Ke8 24. cxd5 cxd5 25. O-O Bd7 26. Rb1 d4 27. Bb4 Rxb4 28.
Nf4 Bxa4 29. bxa4 a5 30. a3 Rb8 31. Rxb8+ Bxb8 32. Rb1 Bxe5 33. Nd3 Bd6 34. Rb6
Kf8 35. h3 Kg7 36. g3 Bxa3 37. hxg4 Nd6 38. Rb3 Nc4 39. f3 Rg8 40. Kf2 Bd6 41.
Nf4 Bxf4 42. gxf4 Rd8 43. Rd3 Nb2 44. Rd2 Nxa4 45. Ra2 Nc3 46. Rxa5 d3 0-1

[Event "HEM 2013 B Turnier"]
[Site "Korbach"]
[Date "2013.03.30"]
[Round "6.29"]
[White "Barchfeld, Peter"]
[Black "Risius, Joerg"]
[Result "1-0"]
[WhiteElo "1175"]
[BlackElo "1309"]
[PlyCount "97"]
[EventDate "2013.??.??"]
[WhiteTeam "SAbt TG Wehlheiden"]
[BlackTeam "SK 1858 Gießen"]

1. e4 d6 2. d4 Nf6 3. Nc3 g6 4. Nf3 Bg7 5. h3 O-O 6. Bf4 Nbd7 7. Bc4 c6 8. Bb3
e5 9. Bh2 exd4 10. Nxd4 Nb6 11. O-O Re8 12. Re1 d5 13. e5 Nfd7 14. f4 Nc5 15.
Qf3 Nxb3 16. axb3 f5 17. Qf2 Be6 18. Nxe6 Rxe6 19. Kh1 a6 20. Rad1 Bf8 21. g4
Bb4 22. gxf5 gxf5 23. Rg1+ Rg6 24. Rxg6+ hxg6 25. Qg2 Kg7 26. e6 Bxc3 27. bxc3
Qd6 28. Qe2 Qe7 29. Bg1 Nd7 30. Bd4+ Nf6 31. Rg1 Rh8 32. Qg2 Rh6 33. Re1 Rh8
34. b4 b5 35. Bc5 Qe8 36. e7 Rh6 37. Bd4 Kf7 38. Kh2 Ne4 39. Bc5 Nxc5 40. bxc5
Kf6 41. Qe2 Rh7 42. Qe6+ Kg7 43. Qd6 Kh6 44. Qf6 Rf7 45. Qg5+ Kg7 46. Re6 a5
47. Qxg6+ Kh8 48. Qh6+ Rh7 49. Qf8+ 1-0

[Event "HEM 2013 B Turnier"]
[Site "Korbach"]
[Date "2013.03.30"]
[Round "6.30"]
[White "Mohammadi, Sholeh"]
[Black "Fehling, Janek"]
[Result "0-1"]
[WhiteElo "1055"]
[BlackElo "995"]
[PlyCount "102"]
[EventDate "2013.??.??"]
[WhiteTeam "SK Marburg 1931/72"]
[BlackTeam "SK Turm Bad Hersfeld"]

1. Nf3 Nc6 2. d4 d5 3. e3 a6 4. c4 Nf6 5. Nc3 Bf5 6. cxd5 Nxd5 7. Bc4 e6 8.
Nxd5 exd5 9. Bb3 Bb4+ 10. Bd2 O-O 11. a3 Bxd2+ 12. Nxd2 Re8 13. O-O Qd6 14. Qf3
Be6 15. Rfe1 Rad8 16. Rac1 g6 17. Ba4 b5 18. Bd1 Bf5 19. Nb3 Rb8 20. Nc5 Nxd4
21. Qg3 Qxg3 22. hxg3 Rb6 23. g4 Bc8 24. Nd3 Ne6 25. Bf3 Bb7 26. Nb4 Rd6 27. e4
dxe4 28. Bxe4 Bxe4 29. Rxe4 Kf8 30. Rce1 c5 31. Nc2 Rd2 32. Rc1 Red8 33. b4
Rd1+ 34. Rxd1 Rxd1+ 35. Kh2 c4 36. g3 Rd2 37. Ne3 Rxf2+ 38. Kg1 Ra2 39. Nd5
Rxa3 40. Kg2 c3 41. Re2 Nd4 42. Re1 c2 43. Rc1 Ra2 44. Nc3 Rb2 45. Kf2 Nb3 46.
Rh1 c1=Q+ 47. Ne2 Qxh1 48. Ke3 Qe1 49. Kf4 Rxe2 50. Kg5 Qd2+ 51. Kh4 Rh2# 0-1

[Event "HEM 2013 B Turnier"]
[Site "Korbach"]
[Date "2013.03.30"]
[Round "6.31"]
[White "Hildebrand, Georg"]
[Black "Ullmann, Ralf"]
[Result "1/2-1/2"]
[WhiteElo "1225"]
[BlackElo "1606"]
[PlyCount "81"]
[EventDate "2013.??.??"]
[WhiteTeam "SK Marburg 1931/72"]
[BlackTeam "SC Eschwege"]

1. c4 Nf6 2. Nc3 g6 3. d4 Bg7 4. e3 d6 5. h3 O-O 6. Bd3 Nc6 7. a3 e5 8. d5 Ne7
9. e4 h6 10. Be3 a6 11. Qd2 Kh7 12. g4 Nfg8 13. Nge2 Bd7 14. O-O-O c5 15. Qc2
Qa5 16. Bd2 Rfb8 17. Kb1 Qd8 18. Rdg1 b5 19. cxb5 axb5 20. Nc1 Nc8 21. h4 b4
22. axb4 cxb4 23. N3a2 Qa5 24. b3 Na7 25. Qb2 Ne7 26. f3 Nec8 27. Rg2 Bb5 28.
Bxb4 Qb6 29. Bxb5 Nxb5 30. Qf2 Qa6 31. Qb2 Nd4 32. Rf2 Qb5 33. Re1 Ra7 34. Re3
Bf8 35. f4 Qb6 36. fxe5 Nc6 37. Ref3 Nxe5 38. Rf4 Bg7 39. Qd2 Qa6 40. h5 g5 41.
Rf5 1/2-1/2